Estadísticas para Máximos goleadores de la Serie A 2010-2011

Haz click aquí para intentar la prueba.

Estadísticas generales

  • Esta prueba ha sido intentada 12 veces
  • La puntuación promedio es 6 de 10

Estadísticas de respuestas

GolesNacionalidadEquipoJugador% Correcto
28ItaliaUdineseAntonio Di Natale
100%
26UruguayNapoliEdinson Cavani
100%
21CamerúnInternazionaleSamuel Eto'o
100%
14SueciaMilánZlatan Ibrahimović
100%
15ItaliaRomaFrancesco Totti
90%
14BrasilMilánRobinho
70%
14BrasilMilánAlexandre Pato
50%
20ItaliaJuventusAlessandro Matri
10%
17ItaliaInternazionaleGiampaolo Pazzini
10%
19ItaliaBolognaMarco Di Vaio
0%

Distribución de puntuación

Porcentaje por número respondido

Porcentaje de gente con cada puntuación

Historial de tus puntuaciones

No has intentado esta prueba.